MyGZULibrary

Archaeology : (Record no. 515)

MARC details
000 -LEADER
fixed length control field 01446cam a2200421 a 4500
001 - CONTROL NUMBER
control field 14665539
003 - CONTROL NUMBER IDENTIFIER
control field GZU
005 - DATE AND TIME OF LATEST TRANSACTION
control field 20200902154250.0
008 - FIXED-LENGTH DATA ELEMENTS--GENERAL INFORMATION
fixed length control field 061211s2008 enka b 001 0 eng
010 ## - LIBRARY OF CONGRESS CONTROL NUMBER
LC control number 2006100287
015 ## - NATIONAL BIBLIOGRAPHY NUMBER
National bibliography number GBA716100
Source bnb
016 7# - NATIONAL BIBLIOGRAPHIC AGENCY CONTROL NUMBER
Record control number 013683259
Source Uk
020 ## - INTERNATIONAL STANDARD BOOK NUMBER
International Standard Book Number 0415359740 (hbk.)
020 ## - INTERNATIONAL STANDARD BOOK NUMBER
International Standard Book Number 0415359759 (pbk.)
020 ## - INTERNATIONAL STANDARD BOOK NUMBER
International Standard Book Number 0203007700 (ebk.)
020 ## - INTERNATIONAL STANDARD BOOK NUMBER
International Standard Book Number 9780415359740 (hbk.)
020 ## - INTERNATIONAL STANDARD BOOK NUMBER
International Standard Book Number 9780415359757 (pbk.)
020 ## - INTERNATIONAL STANDARD BOOK NUMBER
International Standard Book Number 9780203007709 (ebk.)
035 ## - SYSTEM CONTROL NUMBER
System control number (OCoLC)ocm77485802
035 ## - SYSTEM CONTROL NUMBER
System control number (OCoLC)77485802
Canceled/invalid control number (OCoLC)179823173
040 ## - CATALOGING SOURCE
Original cataloging agency DLC
Transcribing agency DLC
Modifying agency BTCTA
-- BAKER
-- BWKUK
-- YDXCP
-- UKM
-- BWK
-- DLC
050 00 - LIBRARY OF CONGRESS CALL NUMBER
Classification number CC165
Item number .G23 2008
082 00 - DEWEY DECIMAL CLASSIFICATION NUMBER
Classification number 930.1
Edition number 22
100 1# - MAIN ENTRY--PERSONAL NAME
Personal name Gamble, Clive.
245 10 - TITLE STATEMENT
Title Archaeology :
Remainder of title the basics /
Statement of responsibility, etc. Clive Gamble.
250 ## - EDITION STATEMENT
Edition statement 2nd ed.
260 ## - PUBLICATION, DISTRIBUTION, ETC.
Place of publication, distribution, etc. London ;
-- New York :
Name of publisher, distributor, etc. Routledge,
Date of publication, distribution, etc. 2008.
300 ## - PHYSICAL DESCRIPTION
Extent xi, 255 p. :
Other physical details ill. ;
Dimensions 21 cm.
440 #0 - SERIES STATEMENT/ADDED ENTRY--TITLE
Title Routledge student reference
504 ## - BIBLIOGRAPHY, ETC. NOTE
Bibliography, etc. note Includes bibliographical references (p. [218]-238) and index.
650 #0 - SUBJECT ADDED ENTRY--TOPICAL TERM
Topical term or geographic name entry element Archaeology.
650 #0 - SUBJECT ADDED ENTRY--TOPICAL TERM
Topical term or geographic name entry element Archaeology
General subdivision Philosophy.
650 #0 - SUBJECT ADDED ENTRY--TOPICAL TERM
Topical term or geographic name entry element Archaeology
General subdivision History.
856 41 - ELECTRONIC LOCATION AND ACCESS
Materials specified Table of contents only
Uniform Resource Identifier <a href="http://www.loc.gov/catdir/toc/ecip076/2006100287.html">http://www.loc.gov/catdir/toc/ecip076/2006100287.html</a>
906 ## - LOCAL DATA ELEMENT F, LDF (RLIN)
a 7
b cbc
c orignew
d 1
e ecip
f 20
g y-gencatlg
942 ## - ADDED ENTRY ELEMENTS (KOHA)
Source of classification or shelving scheme Library of Congress Classification
Koha item type Books
Edition 2nd ed.
Classification part 165
Item part GAM
Call number prefix CC
Call number suffix 2008
Holdings
Withdrawn status Lost status Damaged status Not for loan Collection code Home library Current library Shelving location Date acquired Total Checkouts Full call number Barcode Date last seen Copy number Price effective from Koha item type
        Fiction City Campus Library City Campus Library General Stacks 09/02/2020   CC165 GAM 2008 024708 09/02/2020 c.1 09/02/2020 Books